Statistics for Resident Evil 3 Quiz

Click here to take the quiz!

General Stats

  • This quiz has been taken 80 times
  • The average score is 11 of 60

Answer Stats

HintAnswer% Correct
The Main ProtagonistJill Valentine
97%
What Is The Name Of The Enemy Who Is Ordered To Kill Members Of #4 And Is Incredibly Tough To FightNemesis
87%
The Game That The Above Was Also Playable In Before RE3 Was Released?Resident Evil
81%
Which Famous Organisation Did #1 Work For?STARS
78%
The Main Enemies Of The GameZombies
75%
The Second Character You Can Play AsCarlos Oliveira
60%
The Weapon That You Start Out WithHandgun
59%
The Weapon You Receive After A You Walk Down Some Steps (It Is Located Next To Lighter Fluid)Shotgun
59%
Can #8 Burst Out Of Car Doors?Yes
54%
What Can #5 Carry Within The Raccoon City Police Department?Rocket Launcher
46%
The Name Of The Organisation Where Umbrella Soldiers WorkUBCS
32%
Which Character Is The First To Die To #5?Brad Vickers
25%
The Item That You Need To Get Rid Of A FireFirehose
19%
After Inserting The Above Into The Clock Or Device What Is The Second Item You Need In Order To Unlock The Gate For City Hall?Green Gem
19%
In The Raccoon Police Department What Key Item Do You Need To Find In Order To Access City Hall?Blue Gem
17%
Who Do You Encounter In The Warehouse? (The Fat Man)Dario
17%
What Weapon Is Useful For A Lot Of Situations Apart From #5 (In Most Cases)Assault Rifle
16%
The Second Type Of HuntersHunter Gamma
16%
These Enemies Can Poison You (Arachnids)Giant Spiders
14%
The First Type Of HuntersHunter Beta
14%
Alternative To The AboveBrain Suckers
13%
The Item That Is Used With The Above To Normally Create Ammo For PistolsGunpowder A
11%
What Is Used To Create Ammo For The Boomstick?Gunpowder B
11%
What Is Used To Create GrenadesGunpowder C
11%
The Guy Who Dies Trying To Stop #5Mikhail Viktor
11%
What Does He Say He Would Rather Do?Starve To Death
11%
The Enemies Which Crawl On WallsDrain Demos
10%
What Is Used To Create Freeze Rounds?Gunpowder CC
10%
What Is Used To Create Ammo For The Boss Killer (Magnum)Gunpowder CCC
10%
An Item That You Need To Obtain The Above?Wrench
10%
The Area Where You Can Access A Store To Change OutfitsDowntown
8%
The First Live Decision Choice 1Fight The Monster
8%
The Sargeant Who Distrusts The Main Protagonist And Tries To Escape In A ChopperNicholai Ginovaef
8%
The Area #3 Goes To In Order To Help Cure #1Raccoon Hospital
8%
The Clocktower Live Decision Option 1Use The Light
8%
What Ammo Type Is Rare But Improves The Damage Of Whatever Gun It Is Applied ToEnhanced
6%
Something That You Can Shoot To Cause Massive DamageExplosive Barrel
6%
What Is The Item That Allows You To Create Ammo?Reloading Tool
6%
Which Technique Was Invented Within The Game?Dodging
5%
The First Live Decision Choice 2Enter The Police Station
5%
What Do You Receive If You Carry Out The Second Option For The Clocktower Live Decision Against #5?First Aid Box
5%
The Clocktower Live Decision Option 2Use The Cord
5%
The Cable Car Live Decision Option 2Use The Emergency Brake
5%
What Does The Above Contain?3 First Aid Sprays
3%
Where Do You Find The Lighter?Bar Jack
3%
An Item That #5 Drops (Helps Create A More Powerful Handgun)Eagle Parts A
3%
The Second Item That #5 Drops (The Second Part Of The Above)Eagle Parts B
3%
The Cable Car Live Decision Option 1Jump Out Of The Window
3%
Another Item That #5 DropsM37 Parts A
3%
Another Item That #5 DropsM37 Parts B
3%
What Do You Receive If You Carry Out The First Option For The Clocktower Live Decison?Nothing
3%
The Extra Mode That You Can Unlock After Finishing The Game?Operation Mad Jackal
3%
What Do You Need To Obtain In Order To Access The Elevator Within The Above?Doctor's Voice Tape
2%
What Is Used To Create Flame Rounds?Gunpowder A And C
2%
What Is Used To Create Acid Rounds?Gunpowder B And C
2%
Why Won't The Above Leave?His Daughter Died
2%
The Item That #5 Drops When He Mutates?Infinite Ammo Box
2%
Where Can You Obtain The Grenade Launcher?RPD Or Power Station
2%
What Can Make The Undead Die Quite Effectively?Steam
2%
Which Enemies Can Attach To You?Worms
2%

Score Distribution

Percentile by Number Answered

Percent of People with Each Score

Your Score History

You have not taken this quiz